Normal view
MARC view
Entry Meeting Name
001 - CONTROL NUMBER
- control field: 33611
003 - CONTROL NUMBER IDENTIFIER
- control field: OSt
005 - DATE AND TIME OF LATEST TRANSACTION
- control field: 20211105135617.0
008 - FIXED-LENGTH DATA ELEMENTS
- fixed length control field: 211105|| aca||aabn | a|a d
040 ## - CATALOGING SOURCE
- Original cataloging agency: OSt
- Transcribing agency: OSt
111 ## - HEADING--MEETING NAME
- Meeting name or jurisdiction name as entry element: Symposium of the International Astronomical Union Star Clusters, Basic Galactic Building Blocks Throughout Time and Space
- Number of part/section/meeting: 266th
- Location of meeting: Rio De Janeiro
- Date of meeting or treaty signing: 2009 Aug. 10-14
670 ## - SOURCE DATA FOUND
- Source citation: Work cat.: (OSt): Symposium of the International Astronomical Union Star Clusters, Basic Galactic Building Blocks Throughout Time and Space 266th Rio De Janeiro 2009 Aug. 10-14, Star clusters, 2010